Logo de marque d'eau - Statistiques

Statistiques générales
  • Ce quiz a été pris 937 fois
  • Le résultat moyen est 10 sur 16
Statistiques - réponses
Par images Réponse % Correct
Vittel
97%
Evian
93%
Cristaline
92%
Perrier
91%
Contrex
88%
Volvic
88%
Badoit
87%
Hépar
75%
San Pellegrino
75%
Quézac
49%
Thonon
45%
Courmayeur
39%
Fiji
36%
Mont Roucous
30%
Carola
14%
Celtic
4%
Aucun quiz correspondant
Distribution des résultats
% des personnes avec chaque résultat
Percentile par nombre de réponses
Votre historique - résultats
Vous n’avez pas pris ce quiz